| 000 | 00589nam a2200217Ia 4500 | ||
|---|---|---|---|
| 005 | 20250508164612.0 | ||
| 008 | 008 250505s9999 xx 000 0 hin d | ||
| 037 | _aTextual | ||
| 040 |
_aFEDL _beng _cFEDL |
||
| 041 |
_ahin _2eng |
||
| 084 |
_a491.43, TIW _qFEDL |
||
| 100 | _aTiwari Bholanath | ||
| 245 | 0 | _aHindi bhasha ki samajik sanrachana | |
| 260 |
_aDelhi, India _bSahitya Sahakar _c1994 |
||
| 300 | _a238p. | ||
| 365 |
_aINR _b150 |
||
| 546 | _aMACESE | ||
| 700 |
_a Priyadarshini Mukul _9778579 |
||
| 942 |
_cTEXL _h491.43, TIW |
||
| 999 |
_c1390085 _d1390085 |
||